000 00918nam a2200277 i 4500
001 bg
003 BPK
005 20191230141935.0
008 970510s1995 pl a f f |000 0 pol
015 _aPB 1995/33
020 _a8301110880
040 _aWA N
_cBPK
080 _a330
080 _a(075.8)
245 0 0 _aElementarne zagadnienia ekonomii /
_cred. nauk. Roman Milewski ; aut. Marek Belka [et al.].
250 _a[Wyd. 1, 3 dodr.].
260 _aWarszawa :
_bWydaw. Naukowe PWN,
_c1995.
300 _a373, [1] s. :
_bwykr. ;
_c24 cm.
655 4 _aPodręczniki akademickie
650 4 _aEkonomia
710 2 _aWydawnictwo Naukowe PWN
_4pbl.
700 1 _aMilewski, Roman
_d(1940-2001)
_eRedakcja
700 1 _aBelka, Marek
_d(1952- )
_eAutor
856 _uhttp://koha.tu.koszalin.pl/cgi-bin/koha/opac-detail.pl?biblionumber=36608
_yKatalog online BPK
942 _2UKD
_cKS
999 _c36608
_d36608